000 00477nam a2200169 i 4500
001 21319
003 ES-MaACL
005 20230906152447.0
007 t|
008 021125s1967 sp ||||1| spa d
100 1 _aAlberdi, Ricardo.
_919274
245 1 0 _aBalance de la planificación soviética /
_cRicardo Alberdi.
260 _a[S.l.] :
_bEthos,
_c[1967] (
_eIrún)
300 _a3 p. ;
_c32 cm.
500 _aEjemplar multicopista.
852 _aES-MaACL
_jC-33371
_bR.63482
999 _c21319
_d21319